000 00684nam a2200217 i 4500
001 115169
003 ES-MaACL
005 20250920063057.0
007 t|
008 070223s1908 sp ||||1| spa d
080 _a821.134.2-32"19"
100 1 _aZozaya, Antonio,
_d1859-1943
_9118374
245 1 3 _aLa bala fría
_b: novela /
_cde Antonio Zozaya ; ilustraciones de Pedrero.
260 _aMadrid :
_bEl Cuento Semanal,
_c1908.
300 _a20 p. :
_bil. ;
_c26 cm.
490 1 _aEl cuento semanal ;
_v102
700 1 _aPedrero, Mariano,
_d1865-1927
_989908
830 0 3 _aEl cuento semanal
_v102
_9185957
852 _aES-MaACL
_jG-4442(24)
999 _c115169
_d115169